| 000 | 00599nam a2200217Ia 4500 | ||
|---|---|---|---|
| 003 | STCL | ||
| 005 | 20230621125020.0 | ||
| 008 | 221019s9999 xx 000 0 und d | ||
| 020 | _a9788126405275 | ||
| 040 |
_aSTCL _cSTCL _bEN |
||
| 082 | _222 | ||
| 100 | _aPadmanabhan, T | ||
| 245 | 0 | _aടി പത്മനാഭന്റെ കഥകൾ സമ്പൂർണം: വാല്യം 2 | |
| 246 | _aT Padmanabhante kathakal sampoornam: valyam volume 2 | ||
| 250 | _a8 | ||
| 260 |
_bD C Books _aKottayam _c2021 |
||
| 300 | _a535 p | ||
| 365 | _b1299 | ||
| 546 | _aMalayalam | ||
| 942 | _cBK | ||
| 999 |
_c87390 _d87390 |
||